000 00263nam a22001217a 4500
008 180104b xxu||||| |||| 00| 0 eng d
041 _aeng
080 _a61
100 _a6
101 _aANA
245 _aANESTHESIOLOGY& CRITICAL CARE
_cWARREN
942 _2udc
_cBK
999 _c39780
_d39780